=LDR 00000nam 2200000 4500 =001 INLIS000000000009402 =005 20200316084632 =035 ##$$a 0010-061300000009402 =008 200316################g##########0#ind## =041 ##$$a Ind =090 ##$$a 230, Cam S =100 ##$$a Camara, Dom Helder =245 1#$$a Sepercik harapan /$c Dom Helder Camara =260 ##$$a Yogyakarta :$b Kanisius,$c 1993 =300 ##$$a 93 hlm. : $b ilus. ; $c 12x20 cm. =650 #4$$a Kristiani - Ajaran =850 ##$$a NBPNMAT =020 ##$$a 979-413-880-0 =082 ##$$a 230 =084 ##$$a 230 CAM s =990 ##$$a DW00022215 =990 ##$$a DW00022216 =990 ##$$a 73.748 pro.94 =990 ##$$a DW00022216 =990 ##$$a DW00022216 =990 ##$$a 73.748 pro.94